Luật cạnh tranh
Luật cạnh tranh gồm 3 chương. Chương 1: Những quy định chung ; Chương 2: Kiểm sóat hành vi hạn chế cạnh tranh ; Chương 3: Hành vi cạnh tranh không lành mạnh ; Chương 4: Cơ quan quản lí cạnh tranh, hội đồng cạnh tranh ; Chương 5: Điều tra, xử lí vụ viẹ...
Wedi'i Gadw mewn:
| Awduron Corfforaethol: | , |
|---|---|
| Fformat: | Llyfr |
| Iaith: | Undetermined |
| Cyhoeddwyd: |
Hà Nội
Chính trị quốc gia
2012
|
| Pynciau: | |
| Tagiau: |
Ychwanegu Tag
Dim Tagiau, Byddwch y cyntaf i dagio'r cofnod hwn!
|
| Thư viện lưu trữ: | Trung tâm Học liệu Trường Đại học Cần Thơ |
|---|
| LEADER | 01129nam a2200229Ia 4500 | ||
|---|---|---|---|
| 001 | CTU_180631 | ||
| 008 | 210402s9999 xx 000 0 und d | ||
| 020 | |c 12000 | ||
| 082 | |a 343.597021 | ||
| 082 | |b V308 | ||
| 110 | |a Việt Nam (Cộng hoà Xã hội Chủ nghĩa). | ||
| 110 | |b Quốc hội | ||
| 245 | 0 | |a Luật cạnh tranh | |
| 245 | 0 | |c Việt Nam (Cộng hoà Xã hội Chủ nghĩa) | |
| 260 | |a Hà Nội | ||
| 260 | |b Chính trị quốc gia | ||
| 260 | |c 2012 | ||
| 520 | |a Luật cạnh tranh gồm 3 chương. Chương 1: Những quy định chung ; Chương 2: Kiểm sóat hành vi hạn chế cạnh tranh ; Chương 3: Hành vi cạnh tranh không lành mạnh ; Chương 4: Cơ quan quản lí cạnh tranh, hội đồng cạnh tranh ; Chương 5: Điều tra, xử lí vụ việc cạnh tranh ; Chương 6: Điều khỏan thi hành | ||
| 650 | |a Competition law,Economic policy management,Luật cạnh tranh | ||
| 904 | |i Hà Trang | ||
| 910 | |a Nguyên | ||
| 980 | |a Trung tâm Học liệu Trường Đại học Cần Thơ | ||